5 Most Spoken Languages in Every Country A-L - Statistics

General Stats
  • This quiz has been taken 138 times
  • The average score is 256 of 491
Answer Stats
# Country Speakers Language % Correct
2 Algeria 18m French
98%
4 Andorra 4.6k French
98%
2 Belgium 4.69m French
98%
1 Benin 4.6m French
98%
2 Burundi 17.7k French
98%
1 Cameroon 5.1m French
98%
2 Canada 8.8m French
98%
4 Comoros >10k French
98%
1 Democratic Republic of the Congo 12m French
98%
4 Republic of the Congo 350k~ French
98%
4 Djibouti 17k French
98%
1 France 58m French
98%
2 Gabon 320k French
98%
2 Haiti 100k~ French
98%
5 Ireland 54.9k French
98%
5 Israel 170k French
98%
4 Lebanon 58k French
98%
3 Luxembourg 110k French
98%
1 Algeria 39.9m Arabic
97%
3 Australia 375k Arabic
97%
1 Bahrain 1m~ Arabic
97%
2 Denmark >80k Arabic
97%
3 Djibouti 97.9k Arabic
97%
1 Egypt 115.6m Arabic
97%
2 El Salvador 1k~ Arabic
97%
3 Eritrea 242k Arabic
97%
5 Finnish 37k Arabic
97%
2 France 2.39m Arabic
97%
5 Germany 1.4m Arabic
97%
3 Honduras 42k Arabic
97%
5 Iran 2.8m Arabic
97%
1 Iraq 35m Arabic
97%
2 Israel 1.88m Arabic
97%
1 Jordan 10.5m Arabic
97%
1 Kuwait 2.5m Arabic
97%
1 Lebanon 5.2m Arabic
97%
1 Libya 6.5m~ Arabic
97%
5 Honduras 22.5k Bay Islands English
97%
1 Chad 2.45m Chadian Arabic
97%
4 Afghanistan 2.6m English
97%
5 Andorra 1.9k English
97%
2 Antigua and Barbuda 100k English
97%
1 Australia 19.2m English
97%
4 Austria 66k English
97%
2 Bahamas 300k English
97%
2 Bahrain 809k~ English
97%
2 Barbados 30k English
97%
1 Belize 183k English
97%
3 Botswana 70.9k English
97%
5 Burundi 3.1k English
97%
5 Cabo Verde 1k~ English
97%
3 Cameroon 1.5m English
97%
1 Canada 23.1m English
97%
4 Costa Rica 36k English
97%
4 Cuba 1k~ English
97%
3 Cyprus 35k English
97%
1 Dominica 40k~ English
97%
3 Dominican Republic 12k English
97%
3 eSwatini 24k~ English
97%
3 Fiji 27.9k English
97%
2 Grenada 5k English
97%
3 Haiti 50k~ English
97%
4 Iceland 1.26k English
97%
1 Ireland 5.1m English
97%
2 Jamaica 482k English
97%
2 Kiribati <1k English
97%
5 Lesotho 3k~ English
97%
5 Luxembourg 13.9k English
97%
2 Andorra 39.9k Spanish
96%
3 Antigua and Barbuda 10k Spanish
96%
1 Argentina 45m Spanish
96%
2 Belize 165k Spanish
96%
1 Bolivia 6.8m Spanish
96%
1 Chile 19.1m Spanish
96%
1 Colombia 51m Spanish
96%
1 Costa Rica 5.1m Spanish
96%
1 Cuba 10m Spanish
96%
1 Dominican Republic 11.2m Spanish
96%
1 Ecuador 17.6m Spanish
96%
1 El Salvador 6.2m Spanish
96%
5 France 798k Spanish
96%
1 Guatemala 9.4m Spanish
96%
2 Guyana 24k Spanish
96%
4 Haiti 50k~ Spanish
96%
1 Honduras 10m Spanish
96%
3 Jamaica 20k Spanish
96%
5 Liechtenstein 324 Spanish
96%
1 Austria 8.07m German
93%
5 Belgium 117k German
93%
2 Brazil 4m German
93%
5 Chile 40k German
93%
5 Estonia 2.7k German
93%
1 Germany 81m German
93%
3 Hungary 183k German
93%
5 Iceland 1.22k German
93%
1 Liechtenstein 36.7k German
93%
3 Andorra 5.4k Portuguese
91%
1 Angola 15.4m Portuguese
91%
1 Brazil 20.7m Portuguese
91%
2 Cabo Verde <15k Portuguese
91%
4 France 998k Portuguese
91%
3 Liechtenstein 390 Portuguese
91%
2 Luxembourg 129k Portuguese
91%
1 Albania 2.73m Albanian
89%
3 Bosnia and Herzegovina 2.8k Albanian
89%
2 Greece 500k Albanian
89%
1 Kosovo 1.64m Albanian
89%
1 Bosnia and Herzegovina 3.1m Bosnian / Serbo-Croatian
89%
2 Australia 723k Mandarin
89%
3 Canada 701k Mandarin
89%
1 China 993m Mandarin
89%
4 Dominican Republic 3.6k Mandarin
89%
3 Japan 620k~ Mandarin
89%
2 Armenia 1.75m Russian
89%
2 Azerbaijan 155k Russian
89%
1 Belarus 6.32m Russian
89%
4 Bulgaria 16.1k Russian
89%
5 Cyprus 21k Russian
89%
3 Estonia 55k~ Russian
89%
3 Finnish 95.5k Russian
89%
5 Georgia 45.6k Russian
89%
3 Germany 2.19m Russian
89%
3 Israel 1.41m Russian
89%
2 Kazakhstan 4.38m Russian
89%
3 Kyrgyzstan 482k Russian
89%
2 Latvia 699k Russian
89%
2 Lithuania 193k Russian
89%
2 Austria 389k Serbo-Croatian
89%
2 Kosovo >66.9k Serbo-Croatian / Bosnian / Gorani
89%
2 Afghanistan 20.8m Dari
88%
1 Belgium 6.92m Dutch / Flemish
88%
1 Croatia 3.74m Serbo-Croatian
88%
4 Hungary 38k Serbo-Croatian
88%
1 India 345m Hindi
87%
5 Jamaica <1k Hindi
87%
3 Kuwait 300k~ Hindi
87%
2 Argentina 1.5m Italian
86%
4 Brazil 500k Italian
86%
4 Chile 50k Italian
86%
2 Croatia 20k Italian
86%
1 Italy 65m Italian
86%
2 Liechtenstein 494 Italian
86%
4 Luxembourg 34k Italian
86%
4 Bahrain 100k Farsi
85%
1 Iran 48.5m Farsi
85%
5 Brazil 488k Japanese
85%
5 Dominican Republic 873 Japanese
85%
1 Japan 122m Japanese
85%
2 Albania 16k Greek
84%
1 Cyprus 680k Greek
84%
1 Greece 9.8m Greek
84%
3 Iraq 3m Iraqi Turkmen
84%
3 Austria 207k Turkish
84%
4 Bosnia and Herzegovina 990 Turkish
84%
2 Bulgaria 615k Turkish
84%
2 Cyprus 266k Turkish*
84%
4 Denmark 60k Turkish
84%
4 Germany 1.5m Turkish
84%
5 Greece 50k Turkish
84%
5 Kazakhstan 100k~ Turkish
84%
3 Kosovo 19.5k Turkish
84%
3 Lebanon 150k~ Turkish
84%
4 Liechtenstein 362 Turkish
84%
3 Côte d'Ivoire 1m Dan
83%
4 Liberia 150k Yacouba
83%
1 Denmark 5.9m Danish
82%
2 Finnish 280k Swedish
82%
1 Finnish 4.83m Finnish
81%
5 Austria 46.5k Hungarian
81%
4 Croatia 3.48k Hungarian
81%
1 Hungary 9.55m Hungarian
81%
1 Afghanistan 33.85m Pashto
81%
4 Gambia 250k Soninke
81%
1 Armenia 2.87m Armenian
80%
3 Azerbaijan 155k Armenian
80%
5 Bulgaria 5.3k Armenian
80%
3 Georgia 148k Armenian
80%
1 Bangladesh 163m Bengali
80%
2 India 97.2m Bengali
80%
1 Bulgaria 5.74m Bulgarian
80%
2 Lebanon 200k Western Armenian
80%
1 Estonia 922k Estonian
79%
4 Finnish 51.1k Estonian
79%
1 Andorra 52.3k Catalan
78%
1 Kazakhstan 12m Kazakh
78%
2 Indonesia 50.5m Malay / Indonesian
78%
3 Armenia 72k Azerbaijani
77%
1 Azerbaijan 9.52m Azerbaijani
77%
2 Georgia 236k Azerbaijani
77%
2 Iran 18.8m Azerbaijani
77%
2 Belarus 4.79m Belarusian
77%
3 Latvia 18.2k Belarusian
77%
4 Lithuania 6.8k Belarusian
77%
3 Iceland 1.69k Lithuanian
77%
5 Latvia 13.1k Lithuanian
77%
1 Lithuania 2.4m Lithuanian
77%
5 Australia 321k Yue
77%
4 Canada 673k Yue
77%
3 China 82m Yue
77%
3 El Salvador 1k~ Yue
77%
5 Fiji 8k Yue
77%
1 Cambodia 15.9m Khmer
76%
1 Brunei 350k Brunei Malay / Malay
75%
3 Croatia 4.4k Czech
75%
1 Czechia 10m Czech
75%
1 Latvia 1.08m Latvian
75%
3 Belarus 361k Polish
75%
2 Iceland 10.8k Polish
75%
2 Ireland 135k Polish
75%
3 Lithuania 145k Polish
75%
1 Georgia 3.33m Georgian
74%
1 Israel 4.6m Hebrew
74%
1 Iceland 367k Icelandic
73%
1 Laos >3m Lao
73%
2 Japan 900k~ Korean
72%
5 Croatia 1.27k Slovak
72%
5 Hungary 38k Slovak
72%
4 Australia 348k Vietnamese
72%
2 Cambodia 400k~ Vietnamese
72%
3 Czechia 65k Vietnamese
72%
4 Japan 500k Vietnamese
72%
1 Kyrgyzstan 3.8m Kyrgyz
71%
1 Luxembourg 351k Luxembourgish
70%
4 Cyprus 24k Romanian
70%
3 Afghanistan 4.77m Uzbek
70%
3 Kazakhstan 600k Uzbek
70%
2 Kyrgyzstan 772k Uzbek
70%
5 Bahrain 65k~ Urdu
68%
4 Ireland 80k Irish
66%
5 Brunei 7k Tamil
66%
5 India 69m Tamil
66%
5 Kuwait 150k~ Tamil
66%
4 Belarus 271k Ukrainian
66%
2 Czechia 600k Ukrainian
66%
4 Estonia 38k Ukrainian
66%
3 Ireland 84k Ukrainian
66%
4 Latvia 17.3k Ukrainian
66%
5 Lithuania 4.8k Ukrainian
66%
4 Albania 5k Macedonian
64%
5 Bosnia and Herzegovina 700 Macedonian
64%
4 Greece 80k Macedonian
64%
3 Burundi 12.4k Swahili
64%
5 Comoros 10k Swahili
64%
5 Democratic Republic of the Congo 2m Swahili
64%
5 Afghanistan 1.3m Turkmen
64%
2 eSwatini 76k Zulu
64%
2 Lesotho 250k Zulu
64%
2 Bhutan 171k Dzongkha
60%
1 Fiji 465k Fijian
59%
3 Bahamas 100k Haitian Creole
59%
3 Chile 180k Haitian Creole
59%
2 Cuba 300k Haitian Creole
59%
2 Dominican Republic 160k Haitian Creole
59%
1 Haiti 10m Haitian Creole
59%
1 Indonesia 68m Javanese
59%
5 Kyrgyzstan 42k Tajik
59%
2 China 83m Wu
59%
4 Armenia 33k Kurmanji
58%
5 Djibouti 1.4k Amharic
57%
2 Ethiopia 31.8m Amharic
57%
1 Djibouti 524k Somali
57%
3 Ethiopia 6.7m Somali
57%
4 Kenya 2.8m Somali
57%
5 Japan 270k~ Tagalog
57%
4 Kuwait 200k~ Tagalog
57%
1 Lesotho 2.15m Sesotho
56%
1 Bhutan 265k Nepali
55%
5 Canada 594k Punjabi
55%
4 Lesotho 18k Xhosa
53%
3 Laos 550k~ Hmong
50%
1 Botswana 1.85m Setswana
50%
2 Italy 4.7m Sicilian
50%
1 eSwatini 1.18m siSwati
50%
1 Burundi 13.8m Kirundi
49%
3 India 83m Marathi
49%
4 India 81.1m Telugu
47%
3 Benin 1.76m Yoruba
47%
1 Kiribati 130k Kiribati
46%
5 Belarus 14k Eastern Yiddish
45%
4 Israel 188k Yiddish
45%
3 Bolivia 1.5m Aymara
44%
5 Chad 180k Sar
44%
1 Jamaica 2.5m Jamaican Patois
43%
1 Eritrea 2.5m Tigrinya
42%
4 Ethiopia 6.39m Tigrinya
42%
5 Côte d'Ivoire 800k Hausa
41%
3 Equatorial Guinea 40k Igbo
41%
3 Argentina 200k Guarani
39%
1 Ethiopia 36m Oromo
39%
1 Bahamas >300k Bahamian Creole
37%
3 Italy 3.9m Venetian
37%
3 Indonesia 32.4m Sundanese
36%
1 Antigua and Barbuda 100k Antiguan and Barbudan Creole
35%
1 Guinea 5.4m Fula
35%
2 Guinea-Bissau >354k Fula
35%
5 Benin 1.1m Fula
34%
2 Cameroon 3m Fula
34%
2 Djibouti 306k Afar
33%
2 Burkina Faso 2.1m Fula
33%
2 Dominica 30k~ Dominican French Creole
31%
1 Grenada 102k Grenadian Creole English
31%
3 Angola 2m Kikongo
31%
3 Republic of the Congo 500k~ Kikongo
31%
2 Kuwait 600k~ Malayalam
31%
4 Jamaica 3k~ Hakka
30%
4 Italy 3.8m Lombard
30%
5 China 45m Min Nan
30%
4 Kazakhstan 300k~ Uyghur
29%
1 Guyana 643k Guyanese Creole
28%
4 Cabo Verde 1k~ Wolof
28%
3 Gambia 500k Wolof
28%
4 Georgia 100k Abkhaz*
27%
3 Bahrain 100k Balochi
27%
5 Republic of the Congo 200k~ East Teke
27%
2 Fiji 380k Fiji Hindi
27%
3 Greece 200k Aromanian
26%
5 Albania 2.5k Aromanian
25%
5 Cuba <50~ Corsican
25%
1 Central African Republic 500k Sango
24%
5 Denmark 57k Greenlandic
23%
3 Democratic Republic of the Congo 6m Lingála
23%
2 Republic of the Congo 1m~ Lingála
23%
2 Eritrea 1m Tigre
23%
3 Algeria 4.41m Kabyle
22%
3 France 1m Kabyle
22%
5 Italy 2m Piedmontese
22%
1 Ghana 4.4m Twi
22%
1 Barbados 260k Bajan Creole
21%
3 Belgium 300k Walloon
21%
1 Cabo Verde 550k Cape Verdean Creole
20%
2 Bangladesh 16m Chittagonian
20%
3 Denmark 69k Faroese
20%
5 Iraq 150k~ Assyrian Neo-Aramaic
18%
4 Jordan 15k Assyrian Neo-Aramaic
18%
2 Kenya 8m Gĩkũyũ
18%
4 China 48m Jin
18%
2 Chile 260k Mapuche
18%
4 Bolivia 160k Plattdeutsch
18%
4 Argentina 200k Plautdietsch
18%
5 Czechia 30k Silesian
18%
5 Armenia 3k Assyrian Neo-Aramaic
17%
4 Burkina Faso 1.11m Bambara
17%
2 Ghana 3.7m Eʋe
17%
1 Equatorial Guinea >600k Fang
17%
1 Gabon 817k Fang
17%
2 Germany 2.5m Low German
17%
3 Belize 130k Belize Kriol
16%
5 eSwatini 5.7k Chewa
16%
5 Liberia 125k~ Mano
16%
5 Egypt 88k Beja
15%
3 Cuba 20k~ Galician
15%
2 Benin 2.6m Fon / Gun
14%
3 Brunei 30k Hokkien
14%
2 Democratic Republic of the Congo 11m Kituba
14%
1 Republic of the Congo 2m~ Kituba
14%
1 Burkina Faso 9.18m Mooré
14%
4 eSwatini 20k Tsonga
14%
5 Burkina Faso 725k Bissa
13%
3 Iran 4.5m Luri
13%
4 Angola 1.7m Kimbundu
12%
3 Cabo Verde 1k~ Mandinka
12%
1 Gambia 1m Mandinka
12%
5 Guinea-Bissau 150k Mandinka
12%
2 Estonia 97.3k Võro / Seto
12%
5 Laos 200k~ Bruu
11%
4 Indonesia 7.7m Madurese
11%
4 El Salvador 500 Nawat
11%
4 Belgium 175k Picard
11%
2 Iraq 5m Sorani
11%
2 Angola 6m Umbundu
11%
3 Cambodia 220k Cham
10%
3 Grenada 2.3k Grenadian Creole French
10%
4 Bangladesh 10m Sylheti
10%
2 Guatemala 1m K'iche'
9%
4 Honduras 29k Miskito
9%
5 Ethiopia 4.3m Sidama
8%
2 Jordan 100k Adyghe
7%
3 Guinea-Bissau 350k Guinea-Bissau Creole
7%
2 Bolivia 2.28m Kichwa
7%
2 Ecuador 400k Kichwa
7%
5 Indonesia 4.2m Minangkabau
7%
5 Central African Republic 130k Sara Kaba
7%
4 Iraq 2.2m Kurmanji
6%
5 Lebanon 23k Kurmanji
6%
2 Chad 1m Ngambay
6%
3 Bangladesh 10.3m Rangpuri
6%
3 Colombia 120k Wayuu / Guajiro
6%
1 Côte d'Ivoire 5m Baoulé
5%
2 Guinea 3.7m Malinké
5%
5 Argentina 100k Santiagueño Quechua
5%
4 Algeria 2.49m Shawiya
5%
5 Azerbaijan 125k Talysh
5%
2 Bosnia and Herzegovina 20k Balkan Romani
4%
3 Bulgaria 285k Balkan Romani
4%
4 Kosovo 5.8k Balkan Romani
4%
4 Egypt 100k Dōmʋārī
4%
3 Jordan 70k Domari
4%
4 Libya 33k Domari
4%
2 Honduras 100k Garifuna
4%
3 Costa Rica 50k Kuna
4%
4 Democratic Republic of the Congo 6m Luba-Kasai
4%
2 Gambia 583k Pulaar
4%
3 Albania 10k Vlax Romani
4%
2 Hungary 309k Vlax Romani
4%
2 Côte d'Ivoire 1.4m Anyin
3%
2 Equatorial Guinea 50k Bube
3%
4 Ghana 1.1m Dagbani
3%
4 Kyrgyzstan 56k Dungan
3%
2 Botswana 435k Kalanga
3%
3 Kenya 4.6m Kamba
3%
4 Guinea 609k Kissi
3%
5 Guinea 594k Kpɛlɛɛ
3%
1 Liberia >1m Kpɛlɛɛ
3%
4 Azerbaijan 150k Lezgian
3%
1 Kenya 8.8m Luhya
3%
5 Guatemala 480k Mam
3%
5 Algeria 328k Mozabite
3%
3 Egypt 310k Nòbíín
3%
5 Libya 25k Tamahaq
3%
2 Brunei 50k Bisaya / Dusun
2%
4 Czechia >40k Carpathian Romani
2%
2 Egypt 470k Egyptian Sign Language
2%
3 Ghana 2.8m Fante
2%
5 Kenya 2.2m Gusii
2%
2 Laos 700k Khmu
2%
5 Angola 464k Luvale
2%
2 Costa Rica 55k Mekatelyu
2%
4 Belize 17k Q'eqchi'
2%
5 El Salvador 250 Q'eqchi'
2%
3 Guatemala 555k Q'eqchi'
2%
2 Comoros 275k Shinzwani
2%
4 Ecuador 35k Shuar
2%
3 Guinea 2.6m Susu
2%
3 Bhutan 170k Tshangla
2%
2 Liberia 550k Ɓǎsɔ́ɔ̀
1%
5 Cameroon 500k Beti
1%
5 Ghana 1m Dangme
1%
4 Burundi 5k Burundian Sign Language (Likely a separate language to ASL)
1%
4 Cambodia 132k Jarai
1%
5 Gambia 125k Jola-Fonyi
1%
3 Chad 800k Kanembu
1%
3 Guyana 10k Kapóng
1%
4 Guatemala 500k Kaqchikel
1%
4 Botswana 60.7k Kgalagadi
1%
4 Eritrea 187k Kunama
1%
4 Central African Republic 220k Manza
1%
5 Botswana 40k Mbukushu
1%
2 Libya 300k Nafusi
1%
5 Colombia 60k Páez
1%
3 Lesotho 43k Phuthi
1%
4 Fiji 12k Rotuman
1%
5 Eritrea 191k Saaho
1%
3 Comoros 29k Shimwali
1%
1 Comoros 312k Shingazija
1%
4 Iran 4.3m Southern Kurdish
1%
1 Guinea-Bissau 397k Balanta-Kentohe
0%
5 Bangladesh 2.6m Bangla Sign Language
0%
4 Benin 1.3m Bariba
0%
5 Central African Republic 130k Ɓòkòtò
0%
5 Costa Rica 18k Buglere
0%
4 Cameroon 860k Bulu
0%
5 Bhutan 30k Bumthang
0%
4 Côte d'Ivoire 900k Cebaara
0%
2 Central African Republic 300k~ Central Banda
0%
5 Ecuador 5.8k Chaʼpalaa
0%
2 Colombia 150k Colombian Sign Language
0%
5 Bolivia 33k Eastern Bolivian Guaraní
0%
3 Ecuador 50k Ecuadorian Sign Language
0%
3 Central African Republic 250k Gbɛ́yá
0%
3 Burkina Faso 1.38m Gourmanché
0%
5 Haiti 40k Haitian Sign Language
0%
4 Bhutan 50k Kheng
0%
5 Equatorial Guinea 9.2k Kombe
0%
3 Liberia 390k Kréébo
0%
5 Jordan 10k Levantine Arabic Sign Language
0%
3 Brazil 630k Libras / Brazilian Sign Language
0%
4 Chad 542k Maba
0%
4 Guyana 9.5k Macushi
0%
4 Guinea-Bissau 184k Manjáku
0%
4 Gabon 110k Mbere
0%
5 Belize 10k Mopán
0%
5 Gabon 46k Myene
0%
3 Gabon 140k Njebi
0%
4 Colombia 72k Northern Emberá
0%
4 Laos 200k~ Phu Thai
0%
4 Equatorial Guinea 12k Seki
0%
5 Cambodia 57k Tampuan
0%
4 Brunei 17k Tutong
0%
3 Libya 247k Twillult
0%
5 Guyana 7k Wapixana
0%
5 Kosovo <1k Yugoslav Sign Language
0%
No matching quizzes found
Score Distribution
Percent of People with Each Score
Percentile by Number Answered
Your Score History
You have not taken this quiz